Представление документа в формате RUSMARC

ПолеНазваниеЗначение
  Тип записи a
  Библиографический уровень m
001 Контрольный номер RU/REG73/CBS_GRAD/654539093
005 Дата корректировки 20221122154918.2
101 Язык документа __
a Язык текста rus
200 Заглавие и сведения об ответственности __
a Заглавие Огонь
e Сведения, относящиеся к заглавию Рассказы о Крестьянской войне 1773-1775 гг. в России под предводительством Емельяна Ругчёва
f Первые сведения об ответственности Борис Николаевич Камов ; рисунки В. Юдина
b Общее обозначение материала Текст
203 Вид содержания и тип средства __
a Вид содержания Текст (визуальный) : непосредственный
210 Выходные данные __
a Место издания Москва
c Издательство "Малыш"
d Дата издания 1987
215 Физическое описание __
a Объем 24 с.
225 Серия __
a Серия Страницы истории нашей Родины
610 Ключевые слова __
a Ключевые слова для младшего школьного возраста
686 Индексы других классификаций __
a Классификационный индекс 63.3(2)46
700 Автор __
a Фамилия Камов
g Полное личное имя Борис Николаевич
801 Источник записи _0
a Страна RU
b Организация RuCBSGrad
g Правила каталогизации PSBO
801 Источник записи _1
a Страна RU
b Организация RuCBSGrad
g Правила каталогизации PSBO
901 Тип документа __
t Тип документа m
981 __
b i
g e
2 isbdcontent
982 __
b n
2 isbdmedia
993 __
a 14986
b 6127
c Ретро
e 78744
f ЦГДБ
h 0.20
i 78744
m 1
n 44101.578519
o I
x 1
y 1
z 63
993 __
a 52263
b 6127
e 78747
f ЦГДБ
h 0.20
i 78747
m 1
n 44278
o I
p 0.20
x 1
y 1
z 84(2Рос=Рус)6
993 __
a 57007
b 6127
e 78745
f ЦГДБ
h 0.20
i 78745
m 1
n 44278
o I
p 0.20
x 1
y 1
z 63.3(2)
993 __
a 57009
b 6127
e 78746
f ЦГДБ
h 0.20
i 78746
m 1
n 44278
o I
p 0.20
x 1
y 1
z 63.3(2)